Представление документа в формате RUSMARC

ПолеНазваниеЗначение
  Тип записи a
  Библиографический уровень a
001 Контрольный номер ccd2f6cbdb5442debc73736d01a550c3
005 Дата корректировки 20260528150138.6
100 Данные общей обработки __
a Данные общей обработки 20260528 ||| 0rusy0189 ca
101 Язык документа 0_
a Язык текста rus
102 Страна публикации __
a Страна публикации RU
200 Заглавие и сведения об ответственности 1_
a Заглавие Город-призрак Куолоярви
e Сведения, относящиеся к заглавию [история города в Мурманской области]
f Первые сведения об ответственности В. Юнак
461 Уровень набора _0
1 2000
a Живописная Россия
463 Уровень физической единицы _0
1 2000
a № 2 (158)
v С. 2-5 : фот.
1 2101
d 2026
1 001663d655959914d10a1a2902f81dc9bb7
517 Другие варианты заглавия 1_
a Другие варианты заглавия Город призрак Куолоярви
606 Тематические рубрики 0_
a Основная рубрика Города России
y Географическая подрубрика Куолоярви, город, Кандалакшский район, Мурманская область
610 Ключевые слова 0_
a Ключевые слова города России, история городов России, города Мурманской области, мистические места, мурманские озёра, таинственные места, места сражений Великой Отечественной войны
686 Индексы других классификаций __
a Классификационный индекс 63.3(2Рос-4Мур)
700 Автор _1
a Фамилия Юнак
b Имя (инициалы) В.
g Полное личное имя Виктор
801 Источник записи _0
a Страна RU
b Организация УОБДЮ
c Дата составления 20260528
g Правила каталогизации RCR
801 Источник записи _1
a Страна RU
b Организация УОБДЮ
c Дата составления 20260528
g Правила каталогизации RCR
901 Тип документа __
t Тип документа b
w Контрольный № источника 663d655959914d10a1a2902f81dc9bb7
905 Данные по созданию БЗ __
b Логин пользователя, который создал БЗ ibo4
909 Создатель записи __
a Создатель записи Бобылёва И.В.
910 Корректоры записи __
a Корректор записи Бобылёва И.В.